[Event "Budapest FS11 FM-B"]
[Site "Budapest"]
[Date "2013.11.07"]
[Round "5"]
[White "Szakacs, Eniko"]
[Black "Karacsonyi, Gellert"]
[Result "0-1"]
[WhiteElo "1750"]
[BlackElo "1782"]
[PlyCount "150"]
[EventDate "2013.11.02"]
[EventType "tourn"]
[EventRounds "11"]
[EventCountry "HUN"]
[SourceTitle "EXT 2015"]
[Source "ChessBase"]
[SourceDate "2014.11.20"]
[SourceVersion "1"]
[SourceVersionDate "2014.11.20"]
[SourceQuality "1"]

1. d4 f5 2. g3 Nf6 3. Bg2 g6 4. Nf3 Bg7 5. 0-0 0-0 6. c4 d6 7. Nc3 Qe8 8. Nb5 Na6 9. Bf4 c6 10. Nc3 Nh5 11. Qc1 Nxf4 12. Qxf4 e5 13. dxe5 dxe5 14. Qd2 Be6 15. b3 Rd8 16. Qb2 Qe7 17. e4 Nc5 18. Qe2 fxe4 19. Nxe4 Nxe4 20. Qxe4 Bf5 21. Qe3 e4 22. Rae1 Bf6 23. Nh4 Bxh4 24. gxh4 Qxh4 25. Qg3 Qxg3 26. hxg3 Rd2 27. Bxe4 Bxe4 28. Rxe4 Rxa2 29. Re7 b6 30. Re3 a5 31. Re6 Rc8 32. Rd1 Ra3 33. Rd3 a4 34. Ree3 b5 35. cxb5 cxb5 36. bxa4 Ra1+ 37. Kg2 bxa4 38. Ra3 Rxa3 39. Rxa3 Ra8 40. Kf3 Kf7 41. Ke3 Ke6 42. Ke4 Ra5 43. Kd4 h5 44. Ke4 g5 45. f4 g4 46. Kd4 Kd6 47. Kc4 Ra8 48. Kd4 Kc6 49. Kc4 Re8 50. Kb4 Rb8+ 51. Kc4 Re8 52. Kb4 Kb6 53. Rd3 Re4+ 54. Ka3 Kc5 55. Ka2 Kb4 56. Rd8 Re2+ 57. Ka1 Re3 58. Rb8+ Ka3 59. Kb1 Rxg3 60. Rh8 Rf3 61. Rxh5 Rxf4 62. Rg5 Kb3 63. Rb5+ Rb4 64. Rg5 Kc3+ 65. Ka1 Kd3 66. Rg8 Ke3 67. Ka2 Kf2 68. Rf8+ Kg1 69. Ka3 Re4 70. Rg8 Re3+ 71. Kxa4 g3 72. Kb4 Kf2 73. Kc4 g2 74. Kd4 Rg3 75. Rf8+ Rf3 0-1

[Event "Budapest FS11 FM-B"]
[Site "Budapest"]
[Date "2013.11.06"]
[Round "4"]
[White "Szonyi, Bence"]
[Black "Szakacs, Eniko"]
[Result "1-0"]
[WhiteElo "1660"]
[BlackElo "1750"]
[PlyCount "61"]
[EventDate "2013.11.02"]
[EventType "tourn"]
[EventRounds "11"]
[EventCountry "HUN"]
[SourceTitle "EXT 2015"]
[Source "ChessBase"]
[SourceDate "2014.11.20"]
[SourceVersion "1"]
[SourceVersionDate "2014.11.20"]
[SourceQuality "1"]

1. e4 e6 2. d4 d5 3. Nc3 Bb4 4. e5 c5 5. a3 Bxc3+ 6. bxc3 Qa5 7. Bd2 Qa4 8. Qg4 g6 9. Nf3 Nc6 10. Be2 Nge7 11. 0-0 Qxc2 12. dxc5 Qf5 13. Qg3 Qe4 14. Rfe1 Nf5 15. Qg5 Qa4 16. Qf6 Rf8 17. Bd3 Nce7 18. Bxf5 Nxf5 19. Bg5 Qd7 20. g4 Ne7 21. Qg7 Ng8 22. Qxh7 Qa4 23. Qh4 Bd7 24. Nd4 Qa5 25. Be3 Qxc3 26. Rec1 Qa5 27. c6 bxc6 28. Nxc6 Bxc6 29. Rxc6 Kd7 30. Rac1 Rac8 31. Rd6+ 1-0

[Event "HUN-chT2 Barcza 1314"]
[Site "Hungary"]
[Date "2013.11.03"]
[Round "4"]
[White "Szakacs, Eniko"]
[Black "Barnoth, Robert"]
[Result "0-1"]
[WhiteElo "1748"]
[BlackElo "1811"]
[PlyCount "120"]
[EventDate "2013.09.08"]
[EventType "team-tourn"]
[EventRounds "11"]
[EventCountry "HUN"]
[SourceTitle "EXT 2016"]
[Source "ChessBase"]
[SourceDate "2015.10.08"]
[SourceVersion "1"]
[SourceVersionDate "2015.10.08"]
[SourceQuality "1"]
[WhiteTeam "Edeleny"]
[BlackTeam "Nyiregyhaza"]
[WhiteTeamCountry "HUN"]
[BlackTeamCountry "HUN"]

1. d4 d5 2. Nf3 Nf6 3. g3 e6 4. Bg2 Bd6 5. 0-0 0-0 6. c4 c6 7. Qa4 Nbd7 8. Nc3 Nb6 9. Qb3 Nxc4 10. Rd1 Nb6 11. Bd2 Qe7 12. Rac1 h6 13. e3 Nc4 14. Na4 Nd7 15. Ne1 Nxd2 16. Rxd2 e5 17. Nc2 Re8 18. a3 Nf6 19. dxe5 Bxe5 20. Nd4 Rd8 21. Nc5 Ne8 22. Qc2 Nd6 23. b3 Bxd4 24. Rxd4 Nb5 25. Ra4 Nc7 26. Rd4 Ne6 27. Rd2 Ng5 28. h4 Ne6 29. a4 Nxc5 30. Qxc5 Qxc5 31. Rxc5 Be6 32. b4 Rac8 33. Rc3 a6 34. a5 Rd7 35. Rc1 Rcd8 36. Rd4 Rc8 37. Rd2 Rb8 38. Bf3 Rdd8 39. Bg2 Rdc8 40. Rdc2 Bf5 41. Rc3 Rd8 42. Rd1 Rd7 43. Rd4 Re8 44. Rc1 Rde7 45. Rc3 Be4 46. Bh3 g5 47. h5 f5 48. Rc1 g4 49. Bf1 Kg7 50. Be2 Kf6 51. Bf1 Kg5 52. Rdd1 Kxh5 53. Bxa6 bxa6 54. Rxc6 Re6 55. Rdc1 Bd3 56. R1c5 Bc4 57. Rb6 Kg5 58. Rcc6 Rxc6 59. Rxc6 h5 60. Rb6 Rh8 0-1

[Event "Budapest FS11 FM-B"]
[Site "Budapest"]
[Date "2013.11.02"]
[Round "1"]
[White "Marcu, Simon"]
[Black "Szakacs, Eniko"]
[Result "1/2-1/2"]
[WhiteElo "1892"]
[BlackElo "1750"]
[PlyCount "65"]
[EventDate "2013.11.02"]
[EventType "tourn"]
[EventRounds "11"]
[EventCountry "HUN"]
[SourceTitle "EXT 2015"]
[Source "ChessBase"]
[SourceDate "2014.11.20"]
[SourceVersion "1"]
[SourceVersionDate "2014.11.20"]
[SourceQuality "1"]

1. d4 Nf6 2. c4 Nc6 3. Nc3 e5 4. d5 Ne7 5. e4 Ng6 6. Bd3 Bb4 7. Nge2 0-0 8. 0-0 Bxc3 9. Nxc3 d6 10. Bd2 Ne8 11. b4 f5 12. f3 f4 13. c5 Qg5 14. cxd6 cxd6 15. Rc1 Nh4 16. Rf2 Bh3 17. Bf1 Rf6 18. g4 Bxf1 19. Qxf1 h5 20. h3 hxg4 21. hxg4 Rg6 22. Rh2 Rh6 23. Be1 Nf6 24. Bxh4 Rxh4 25. Rxh4 Qxh4 26. Nb5 Ne8 27. Qf2 Qxf2+ 28. Kxf2 Kf7 29. Na3 Ke7 30. Ke2 Kd7 31. Kd3 Nc7 32. b5 Rh8 33. Rc2 1/2-1/2

[Event "HUN-chT2 Barcza 0910"]
[Site "Hungary"]
[Date "2010.01.31"]
[Round "5.11"]
[White "Szakacs, Eniko"]
[Black "Pal, Elod"]
[Result "0-1"]
[WhiteElo "1723"]
[BlackElo "1888"]
[PlyCount "74"]
[EventDate "2009.11.08"]
[EventType "team-tourn"]
[EventRounds "11"]
[EventCountry "HUN"]
[SourceTitle "EXT 2011"]
[Source "ChessBase"]
[SourceDate "2010.11.26"]
[SourceVersion "1"]
[SourceVersionDate "2010.11.26"]
[SourceQuality "1"]
[WhiteTeam "Edeleny"]
[BlackTeam "Kazincbarcika"]
[WhiteTeamCountry "HUN"]
[BlackTeamCountry "HUN"]

1. Nf3 c5 2. c4 Nf6 3. g3 g6 4. Bg2 Bg7 5. 0-0 0-0 6. Nc3 Nc6 7. d4 cxd4 8. Nxd4 a6 9. Nf3 d6 10. Qc2 Qc7 11. Nd5 Qd8 12. e4 Nxd5 13. cxd5 Ne5 14. Nd4 Bd7 15. Qb3 b5 16. Be3 Nc4 17. Rfd1 Nxe3 18. Qxe3 Rc8 19. Rac1 Bxd4 20. Qxd4 Rxc1 21. Rxc1 Qb8 22. h4 Rc8 23. Rxc8+ Qxc8 24. Kh2 Qc5 25. Qd2 b4 26. Bf1 a5 27. Kg2 Bb5 28. Bxb5 Qxb5 29. Qd4 Qc5 30. Qd2 Qc4 31. Kf3 Qxa2 32. Qd4 Qb3+ 33. Kg2 a4 34. e5 a3 35. bxa3 bxa3 36. exd6 exd6 37. Qf6 Qxd5+ 0-1